|
|
|
|
| LEADER |
00000nam0a2200000 4500 |
| 001 |
92193 |
| 005 |
20231031104549.0 |
| 035 |
|
|
|a (RuTPU)RU\TPU\book\98795
|
| 090 |
|
|
|a 92193
|
| 100 |
|
|
|a 20060309d1975 k y0rusy50 ca
|
| 101 |
0 |
|
|a rus
|
| 102 |
|
|
|a RU
|
| 105 |
|
|
|a a z 001zy
|
| 200 |
1 |
|
|a Природа усталости металлов
|f В. С. Иванова, В. Ф. Терентьев
|
| 210 |
|
|
|a Москва
|c Металлургия
|d 1975
|
| 215 |
|
|
|a 456 с.
|c ил.
|
| 320 |
|
|
|a Библиогр.: с. 432-450.
|
| 320 |
|
|
|a Предм. указ.: с. 451-455
|
| 610 |
1 |
|
|a металлы
|
| 610 |
1 |
|
|a усталостная прочность
|
| 610 |
1 |
|
|a разрушение
|
| 610 |
1 |
|
|a прогнозирование
|
| 610 |
1 |
|
|a изломы
|
| 610 |
1 |
|
|a усталость
|
| 610 |
1 |
|
|a сплавы
|
| 675 |
|
|
|a 621.7М.01:539.4
|v 3
|
| 700 |
|
1 |
|a Иванова
|b В. С.
|g Вера Семеновна
|
| 701 |
|
1 |
|a Терентьев
|b В. Ф.
|g Владимир Федорович
|
| 801 |
|
1 |
|a RU
|b 63413507
|c 20060309
|g PSBO
|
| 801 |
|
2 |
|a RU
|b 63413507
|c 20190610
|g PSBO
|
| 942 |
|
|
|c BK
|